Economics of social issues / (Record no. 14641)
[ view plain ]
| 000 -LEADER | |
|---|---|
| fixed length control field | 00522pam a2200193 a 4500 |
| 020 ## - INTERNATIONAL STANDARD BOOK NUMBER | |
| ISBN | 0256172064 (acidfree paper) |
| 040 ## - CATALOGING SOURCE | |
| Transcribing agency | DLC |
| 082 00 - DEWEY DECIMAL CLASSIFICATION NUMBER | |
| Classification number | 330 LIW 1998 A069 Or. |
| 100 1# - MAIN ENTRY--AUTHOR NAME | |
| Personal name | Sharp, Ansel Miree, |
| 245 10 - TITLE STATEMENT | |
| Title | Economics of social issues / |
| 250 ## - EDITION STATEMENT | |
| Edition statement | 13th ed. |
| 260 ## - PUBLICATION, DISTRIBUTION, ETC. (IMPRINT) | |
| Place of publication | Boston, Mass. : |
| Name of publisher | Irwin/McGraw-Hill, |
| Year of publication | c1998. |
| 300 ## - PHYSICAL DESCRIPTION | |
| Number of Pages | xiv, 476 p. : |
| Other physical details | col. ill. ; |
| Dimensions | 23 cm. |
| 650 #0 - SUBJECT ADDED ENTRY--TOPICAL TERM | |
| Topical Term | Economics. |
| 650 #0 - SUBJECT ADDED ENTRY--TOPICAL TERM | |
| Topical Term | Social problems. |
| 700 1# - ADDED ENTRY--PERSONAL NAME | |
| Personal name | Register, Charles A. |
| 700 1# - ADDED ENTRY--PERSONAL NAME | |
| Personal name | Grimes, Paul W. |
| 942 ## - ADDED ENTRY ELEMENTS (KOHA) | |
| Koha item type | សៀវភៅភាសាអង់គ្លេស |
| 952 ## - LOCATION AND ITEM INFORMATION (KOHA) | |
| Withdrawn status [LOCAL, KOHA] | 0 |
| Permanent Location | Date acquired | Koha item type | Lost status | Shelving location | Barcode | Current Location | Full call number |
|---|---|---|---|---|---|---|---|
| Library Block A | 2017-10-24 | សៀវភៅភាសាអង់គ្លេស | A069 | A06187 | Library Block A | 330 LIW 1998 A069 Or. |